[Event "Kiel op-B 28th"]
[Site "Kiel"]
[Date "2015.07.28"]
[Round "6"]
[White "Haye, Robert"]
[Black "Birkholz, Frank"]
[Result "1-0"]
[WhiteElo "1449"]
[BlackElo "1571"]
[PlyCount "81"]
[EventDate "2015.07.25"]
[EventType "swiss"]
[EventRounds "9"]
[EventCountry "GER"]
[SourceTitle "EXT 2017"]
[Source "ChessBase"]
[SourceDate "2016.10.25"]
[SourceVersion "1"]
[SourceVersionDate "2016.10.25"]
[SourceQuality "1"]

1. c4 c6 2. d4 d5 3. e3 Nf6 4. Nf3 e6 5. Nc3 Nbd7 6. a3 a6 7. b4 Bd6 8. c5 Bc7 9. Bd3 0-0 10. Bb2 Re8 11. 0-0 e5 12. dxe5 Nxe5 13. Be2 Qe7 14. Nd4 Neg4 15. g3 Ne5 16. Qc2 Bh3 17. Rfe1 Neg4 18. Bf3 Ne4 19. Nxe4 dxe4 20. Bg2 Bxg2 21. Kxg2 Qg5 22. Red1 Qh5 23. h3 Nf6 24. a4 Be5 25. Rd2 Bxd4 26. Rxd4 Qf3+ 27. Kh2 Re6 28. Rd6 Nd5 29. Rxe6 fxe6 30. Kg1 Rf8 31. Ba3 Nxe3 32. fxe3 Qxe3+ 33. Kg2 Rf3 34. Kh1 Rf2 35. Qd1 Qxg3 36. Qd8+ Kf7 37. Qd7+ Kf6 38. Bb2+ Kf5 39. Qf7+ Kg5 40. Qxg7+ Kf4 41. Be5+ 1-0

[Event "Kiel op-B 28th"]
[Site "Kiel"]
[Date "2015.07.27"]
[Round "5"]
[White "Sowa, Kay"]
[Black "Haye, Robert"]
[Result "1-0"]
[WhiteElo "1689"]
[BlackElo "1449"]
[PlyCount "69"]
[EventDate "2015.07.25"]
[EventType "swiss"]
[EventRounds "9"]
[EventCountry "GER"]
[SourceTitle "EXT 2017"]
[Source "ChessBase"]
[SourceDate "2016.10.25"]
[SourceVersion "1"]
[SourceVersionDate "2016.10.25"]
[SourceQuality "1"]

1. d4 Nf6 2. c4 g6 3. Nc3 Bg7 4. e4 d6 5. Nf3 0-0 6. Be2 e5 7. 0-0 Nc6 8. d5 Ne7 9. b4 a6 10. c5 Ne8 11. Nd2 f5 12. f3 f4 13. a4 g5 14. Ba3 h5 15. Nc4 Ng6 16. b5 dxc5 17. Bxc5 Rf6 18. Qb3 b6 19. Ba3 a5 20. d6 Be6 21. Nd5 Bxd5 22. dxc7 Qxc7 23. exd5 Kh8 24. Rac1 Qb7 25. d6 Rd8 26. Rfd1 Bf8 27. Bd3 Nxd6 28. Bxg6 Rxg6 29. Nxe5 Rg7 30. Rc6 Qb8 31. Qd5 Nf7 32. Nxf7+ Rxf7 33. Qxd8 Qxd8 34. Rxd8 Kg7 35. Rxf8 1-0